Spongebob characters Quiz Stats

 Plays Quiz not verified by Sporcle

Score 0/38 Timer 10:00
0 Plays Today
character % Correct
patrick
97.3%
spongebob
94.6%
squidward
94.6%
sandy
91.9%
mr krabs
90.5%
gary
74.3%
plankton
68.9%
poppy puff
68.9%
pearl
66.2%
larry
64.9%
mermaid man
45.9%
barnacle boy
43.2%
flying dutchman
36.5%
squilliam
33.8%
old man jenkins
25.7%
patchy
21.6%
man ray
21.6%
fred
20.3%
potty
18.9%
character % Correct
bubble bass
18.9%
neptune
14.9%
flats
13.5%
scooter
12.2%
frank
10.8%
frank
10.8%
frank
10.8%
frank
10.8%
frank
10.8%
harold
9.5%
perch perkins
9.5%
nancy
8.1%
tom
8.1%
evelyn
6.8%
nathaniel
5.4%
mable
1.4%
shubie
1.4%
monroe
0%
sadie
0%

You're not logged in!

Compare scores with friends on all Sporcle quizzes.
OR
Log In

Show Comments

Extras

Top Quizzes Today


Score Distribution

Your Account Isn't Verified!

In order to create a playlist on Sporcle, you need to verify the email address you used during registration. Go to your Sporcle Settings to finish the process.

Report this User

Report this user for behavior that violates our Community Guidelines.

Details: